Estadísticas para Máximos goleadores en la historia del Inter de Milán

Haz click aquí para intentar la prueba.

Estadísticas generales

  • Esta prueba ha sido intentada 11 veces
  • La puntuación promedio es 1 de 10

Estadísticas de respuestas

GolesNacionalidadJugador% Correcto
284ItaliaGiuseppe Meazza
80%
123ItaliaChristian Vieri
20%
124ArgentinaMauro Icardi
20%
162ItaliaSandro Mazzola
20%
209ItaliaAlessandro Altobelli
0%
143ItaliaBenito Lorenzi
0%
106ItaliaErmanno Aebi
0%
133HungríaIstván Nyers
0%
158ArgentinaLuigi Cevenini
0%
171ItaliaRoberto Boninsegna
0%

Distribución de puntuación

Porcentaje por número respondido

Porcentaje de gente con cada puntuación

Historial de tus puntuaciones

No has intentado esta prueba.